Renault - Tous ses modèles depuis 1980 - Statistiques

Statistiques générales
  • Ce quiz a été pris 482 fois
  • Le résultat moyen est 42 sur 69
Statistiques - réponses
Période de vente Modèle Type de véhicule % Correct
1990-2001 Clio I Citadine
97%
1998-2016 Clio II Citadine
97%
2005-2014 Clio III Citadine
97%
2012-2020 Clio IV Citadine
97%
2019-.... Clio V Citadine
97%
2022-.... Megane E-Tech Electric SUV
92%
1995-2009 Mégane I Compacte
92%
2002-2012 Mégane II Compacte
92%
2008-2016 Mégane III Compacte
92%
2016-2024 Mégane IV Compacte
92%
1984-1996 Supercinq (Renault 5) Citadine
89%
1984-1991 Espace I Monospace
86%
1991-1997 Espace II Monospace
86%
1996-2002 Espace III Monospace
86%
2002-2014 Espace IV Monospace
86%
2015-2023 Espace V Monospace
86%
2023-.... Espace VI SUV
86%
1992-2012 Twingo I Citadine
83%
2007-2014 Twingo II Citadine
83%
2014-2024 Twingo III Citadine
83%
1996-2010 Scénic I Monospace
82%
2003-2009 Scénic II Monospace
82%
2009-2016 Scénic III Monospace
82%
2016-2023 Scénic IV Monospace
82%
1997-2018 Kangoo I Utilitaire
80%
2008-2021 Kangoo II Utilitaire
80%
2021-.... Kangoo III Ludospace
80%
2013-2019 Captur I Crossover urbain
67%
2019-.... Captur II Crossover urbain
67%
1994-2001 Laguna I Familiale
66%
2000-2007 Laguna II Familiale
66%
2007-2015 Laguna III Familiale
66%
1981-2001 Trafic I Utilitaire
66%
2001-2014 Trafic II Utilitaire
66%
2014-.... Trafic III Utilitaire
66%
1980-1997 Master I Utilitaire
62%
1997-2010 Master II Utilitaire
62%
2010-2024 Master III Utilitaire
62%
2012-2016 Talisman Berline Routière
60%
2015-2022 Talisman (2015) Berline Routière
60%
2012-2024 Zoé Citadine
59%
2015-2022 Kadjar SUV
57%
2020-.... Arkana Crossover urbain
55%
2022-.... Austral SUV
50%
2008-2016 Koleos SUV
50%
2016-2023 Koleos II SUV
50%
2001-2003 Avantime Monospace coupé
47%
1992-2002 Safrane Berline Routière
47%
2008-2014 Safrane II Berline Routière
47%
2011-2023 Twizy Quadricycle léger
47%
2001-2009 Vel Satis Berline Routière
46%
1985-2000 Express I Utilitaire
45%
2021-.... Express II Utilitaire
45%
2004-2012 Modus Minispace
43%
1986-1995 21 Familiale
39%
1981-1989 9 et 11 Compacte
39%
1988-2000 19 Compacte
35%
1980-1992 Fuego Coupé
34%
1984-1992 25 Berline Routière
31%
1995-1999 Spider Sportive
31%
2010-2013 Wind Roadster
29%
2017-.... Alaskan Pick-up
28%
2009-2016 Fluence Compacte
27%
2009-2016 Latitude Berline Routière
24%
2015-.... Kwid Citadine
9%
1999-2008 Symbol | Thalia | Citius Citadine
9%
2008-2013 Symbol II Citadine
8%
2013-2021 Symbol III Citadine
8%
2019-.... Triber Crossover urbain
4%
Aucun quiz correspondant
Distribution des résultats
% des personnes avec chaque résultat
Percentile par nombre de réponses
Votre historique - résultats
Vous n’avez pas pris ce quiz